| 000 | 00419cam a2200181u 4500 | ||
|---|---|---|---|
| 001 | 7371021 | ||
| 005 | 20180205073645.0 | ||
| 008 | 820909s1938 inu j 000 0 eng | ||
| 010 | _a 38010699 | ||
| 040 |
_aDLC _cCarP _dDLC |
||
| 041 | _aeng | ||
| 080 | _a574 gra | ||
| 100 | 1 | _a9 | |
| 101 | _amje | ||
| 245 | 0 | 4 | _aThe heart of a child. |
| 906 |
_a0 _bcbc _cpremunv _du _encip _f19 _gy-gencatlg |
||
| 942 |
_2ddc _cBK |
||
| 999 |
_c41773 _d41773 |
||